| 000 | 00953nam a22002897a 4500 | ||
|---|---|---|---|
| 001 | 9643 | ||
| 003 | FISKH | ||
| 005 | 20260304102922.0 | ||
| 008 | 260127b cb ||||| |||| 00| 0 eng d | ||
| 020 | _a9781368051422 | ||
| 040 |
_aFISKH _beng _cFISKH _dFISKH |
||
| 050 | _aPZ7 .R4829 .M | ||
| 082 | _a813.6 | ||
| 100 |
_aRiordan, Rick _eAuthor |
||
| 245 |
_aThe mark of Athena / _cRick Riordan |
||
| 260 |
_aNew York : _bDisney , _c2012 |
||
| 300 |
_a584 pages : _c20 cm |
||
| 490 |
_aThe heroes of Olympus : _v3 |
||
| 505 | _aR | ||
| 520 | _a"The Greek and Roman demigods will have to cooperate in order to defeat the giants released by the Earth Mother, Gaea. Then they will have to sail together to the ancient land--Greece itself--to find the Doors of Death"-- | ||
| 521 | 8 |
_a690
_bLexile |
|
| 521 | 8 |
_aR
_bRaz-Plus |
|
| 650 |
_aAction _vAdventure |
||
| 650 |
_aChildren's fiction _vDemigods |
||
| 942 |
_2ddc _cBK _n0 |
||
| 999 |
_c9643 _d9643 |
||